[Event "It (open)"]
[Site "masterchessopen.com Montigny le Bretonneux (France)"]
[Round "7"]
[White "Schweisguth Etienne"]
[Black "Fayolle Guy (FRA)"]
[Result "0-1"]
[WhiteElo "1730"]
[BlackElo "1813"]

1.d4 Nf6 2.c4 g6 3.Nf3 Bg7 4.g3 O-O 5.Bg2 c6 6.Nbd2 d5 7.O-O Ne4 8.cxd5 cxd5
9.Nb3 Nc6 10.Ne1 f5 11.f3 Nd6 12.f4 Ne4 13.Nf3 Qb6 14.e3 Bd7 15.Bd2 a5 16.Rc1
Rfc8 17.Bc3 Nb4 18.Bxb4 Qxb4 19.Rxc8+ Rxc8 20.Qb1 a4 21.Nc5 Nxc5 22.dxc5 Rxc5
23.Ne1 Qd2 24.Qd3 Qxb2 25.Bxd5+ e6 26.Bxe6+ Bxe6 27.Qd8+ Bf8 28.Nd3 Qd2 29.Rf2
Rc1+ 30.Kg2 Qd1 {#R} 0-1

[Event "Tournament (training)"]
[Site "masterchessopen.com Manila (Philippines)"]
[Round "1"]
[White "Dimakiling Oliver (PHI)"]
[Black "Bernales Christy Lamiel (PHI)"]
[Result "1-0"]
[WhiteElo "2414"]
[BlackElo "2037"]

1.Nf3 d5 2.g3 Nf6 3.Bg2 g6 4.c4 c6 5.O-O Bg7 6.d4 O-O 7.Nbd2 Bf5 8.Re1 Nbd7
9.e3 Re8 10.h3 h5 11.b4 Ne4 12.Bb2 e6 13.cxd5 cxd5 14.Nh4 Nb6 15.Nxe4 dxe4
16.Bf1 Qe7 17.Qb3 Rac8 18.Rac1 Bf6 19.Nxf5 gxf5 20.h4 Kh7 21.Rxc8 Nxc8 22.Rc1
Nd6 23.Rc5 b6 24.Rc6 Qd7 25.b5 Rc8 26.Qc2 Re8 27.a4 Bd8 28.d5 Kg6 29.dxe6 Rxe6
30.Qd1 Bf6 31.Ba3 Be7 32.Bb4 Qd8 33.Be2 Nb7 34.Bxh5+ Kg7 35.Bc3+ Bf6 36.Bxf6+
Qxf6 37.Qd7 Nc5 38.Qxa7 f4 39.gxf4 Nd3 40.a5 bxa5 41.Rxe6 Qxe6 42.b6 Nc5 43.b7
{#r} 1-0

[Event "Tournament (open) \"]
[Site "masterchessopen.com Goiania (Brazil)"]
[Date "2011.01.30"]
[Round "4"]
[White "Okada William Kenji (BRA)"]
[Black "Luz Heitor Carvalho (BRA)"]
[Result "0-1"]
[WhiteElo "1772"]
[BlackElo "1704"]

1.d4 Nf6 2.c4 g6 3.g3 Bg7 4.Bg2 O-O 5.Nf3 d5 6.Nbd2 c6 7.O-O Nbd7 8.Qc2 dxc4
9.Nxc4 Nb6 10.b3 Bf5 11.Qd1 Nfd5 12.Bb2 Qc7 13.Re1 Nxc4 14.bxc4 Nb6 15.Qb3
Rad8 16.Rac1 Rfe8 17.e4 Bc8 18.a4 c5 19.a5 Nd7 20.d5 Ne5 21.Nxe5 Bxe5 22.Bxe5
Qxe5 23.Kh1 Rd6 24.f4 Qh5 25.e5 Ra6 26.Qb5 Rd8 27.Qxc5 Bh3 28.Qxe7 Bxg2+
29.Kxg2 Rf8 30.Qxb7 Rxa5 31.c5 Ra2+ {#R} 0-1

[Event "Ch City (seniors)"]
[Site "masterchessopen.com Madrid (Spain)"]
[Date "2011.02.07"]
[Round "1"]
[White "Estrada Martinez Cesar (ESP)"]
[Black "Benito Alba Eladio (ESP)"]
[Result "1-0"]
[WhiteElo "2165"]
[BlackElo "1786"]

1.Nf3 d5 2.g3 g6 3.c4 c6 4.d4 Bg7 5.Nbd2 Nf6 6.Bg2 O-O 7.O-O Nbd7 8.Re1 Re8
9.e4 dxe4 10.Nxe4 Nxe4 11.Rxe4 Nf6 12.Re1 Bg4 13.h3 Bxf3 14.Bxf3 Qd7 15.Bg2
Rad8 16.Be3 e5 17.dxe5 Rxe5 18.Qxd7 Rxd7 19.Rad1 a6 20.Rxd7 Nxd7 21.Rd1 Re7
22.b4 Bc3 23.a3 Bb2 24.a4 Kg7 25.b5 axb5 26.cxb5 cxb5 27.axb5 b6 28.Bc6 Nc5
29.Rd5 Ba3 30.g4 h6 31.h4 Re4 32.Bd4+ f6 33.f3 Re6 34.g5 hxg5 35.hxg5 Kf7
36.Bxf6 Bc1 37.Rd8 {#r} 1-0

[Event "Czech League 2010/11 (krajsky prebor)"]
[Site "masterchessopen.com Czech Republic"]
[Date "2011.02.27"]
[Round "9"]
[White "Vondra Lukas (CZE)"]
[Black "Benes Milan"]
[Result "0-1"]
[WhiteElo "1984"]
[BlackElo "1960"]

1.d4 Nf6 2.c4 g6 3.Nf3 Bg7 4.g3 O-O 5.Bg2 c6 6.O-O d5 7.Nbd2 dxc4 8.Nxc4 Be6
9.Nce5 Bd5 10.Bd2 Nbd7 11.Nd3 Qb6 12.Bb4 Rfe8 13.e3 Bc4 14.Nfe1 e5 15.Rc1 Ba6
16.dxe5 Nxe5 17.Bc5 Qa5 18.Qc2 Qxa2 19.Nb4 Qc4 20.Nxa6 Qxa6 21.Nf3 Nxf3+
22.Bxf3 Nd7 23.Be2 Qa5 24.Bd6 Qg5 25.Rfd1 Nb6 26.e4 Rad8 27.Rd2 Rxe4 28.f4 Qf5
29.Bg4 Qa5 30.b4 Qa3 31.Qxe4 Qxc1+ 32.Rd1 Qc4 33.Qe7 Bd4+ {#R} 0-1

[Event "Czech League 2010/11 (2nd) (c)"]
[Site "masterchessopen.com Czech Republic"]
[Date "2011.03.06"]
[Round "9"]
[White "Hajny Milos (CZE)"]
[Black "Novak Radomir (CZE)"]
[Result "1-0"]
[WhiteElo "2075"]
[BlackElo "2136"]

1.Nf3 d5 2.c4 c6 3.g3 g6 4.Bg2 Bg7 5.d4 Nf6 6.Nbd2 O-O 7.O-O Nbd7 8.b3 Nh5
9.Bb2 e6 10.Qc2 f5 11.Ne5 Nhf6 12.f3 Nxe5 13.dxe5 Nd7 14.f4 b6 15.cxd5 cxd5
16.Qc6 Nc5 17.Qxa8 Qd7 18.b4 Na4 19.Rac1 Bb7 20.Qxa7 Ra8 21.Qxa8+ Bxa8 22.Bd4
Bf8 23.a3 Be7 24.Rc2 Bb7 25.Rfc1 Bd8 26.Kf2 Kg7 27.Bf1 Kg8 28.e3 Kf7 29.Nb3 h6
30.Be2 Kg7 31.Ba1 b5 32.Nd4 Nb6 33.Bxb5 Qf7 34.Rc7 Bxc7 35.Rxc7 {#r} 1-0

[Event "Tournament (open)"]
[Site "masterchessopen.com Dunaujvaros (Hungary)"]
[Date "2011.03.12"]
[Round "1"]
[White "Sarok Peter (HUN)"]
[Black "Csatho Gabor (HUN)"]
[Result "1-0"]
[WhiteElo "2143"]
[BlackElo "1821"]

1.d4 Nf6 2.c4 g6 3.g3 c6 4.Bg2 d5 5.Nf3 Bg7 6.O-O O-O 7.Nbd2 Bf5 8.b3 Re8
9.Bb2 Nbd7 10.Nh4 Be6 11.Qc2 Nb6 12.Rac1 Qd7 13.Rfe1 Bh3 14.Bh1 Ng4 15.Ndf3
Bh6 16.e3 e6 17.Rcd1 g5 18.Ng2 f6 19.e4 e5 20.exd5 cxd5 21.dxe5 Qc6 22.exf6
Rxe1+ 23.Rxe1 Nxf6 24.Re7 Ne4 25.Ne3 Rf8 26.cxd5 Qxc2 27.Nxc2 Bf5 28.Ncd4 Bg6
29.h3 Nxd5 30.Rxb7 Bg7 31.Rxg7+ Kxg7 32.Ne6+ Kf7 33.Nxf8 Kxf8 34.Nxg5 Nxg5
35.Bxd5 Nxh3+ 36.Kg2 Ng5 37.Bd4 a6 38.f3 Be8 39.Bc5+ Kg7 40.f4 Nf7 41.g4 Bb5
42.Kf3 Nd8 43.Ke4 Nc6 44.a4 {#r} 1-0

[Event "Ch Bulgaria (juniors) (under 20)"]
[Site "masterchessopen.com Shabla (Bulgaria)"]
[Date "2011.03.12"]
[Round "1"]
[White "Janev Tihomir (BUL)"]
[Black "Iliev Atanas (BUL)"]
[Result "1-0"]
[WhiteElo "2366"]
[BlackElo "1990"]

1.Nf3 Nf6 2.c4 c6 3.g3 g6 4.Bg2 Bg7 5.O-O O-O 6.d4 d5 7.Nbd2 b6 8.Re1 Ba6
9.Qc2 Nbd7 10.e4 Nxe4 11.Nxe4 dxe4 12.Rxe4 e6 13.Bg5 Bf6 14.h4 Bb7 15.c5 h5
16.Rxe6 fxe6 17.Qxg6+ Kh8 18.Qxh5+ Kg8 19.Qg6+ Kh8 20.Qh6+ Kg8 21.Bh3 Qe7
22.Re1 Qh7 23.Bxe6+ Kh8 24.Qxh7+ Kxh7 25.Bxd7 Rad8 26.Re6 Kg7 27.Bxc6 Bc8
28.Rd6 Rxd6 29.cxd6 Rd8 30.Bf4 Bd7 31.Bxd7 Rxd7 32.g4 b5 33.h5 Kh7 34.g5 Bg7
35.g6+ Kg8 36.h6 Bf8 37.Ne5 {#r} 1-0

[Event "Ch PriFO"]
[Site "masterchessopen.com Toljatti (Russia)"]
[Date "2011.03.17"]
[Round "8"]
[White "Afanasiev Dmitry (RUS)"]
[Black "Mikheev Stanislav (RUS)"]
[Result "1-0"]
[WhiteElo "2048"]
[BlackElo "2271"]

1.d4 Nf6 2.c4 g6 3.Nf3 Bg7 4.g3 c6 5.Bg2 d5 6.Nbd2 O-O 7.O-O a5 8.b3 a4 9.Bb2
Qa5 10.Rc1 Bf5 11.Ne5 Nbd7 12.Nxd7 Bxd7 13.e4 dxe4 14.Nxe4 Nxe4 15.Bxe4 Rfd8
16.Qc2 Bg4 17.Bc3 Qg5 18.d5 cxd5 19.Bxd5 axb3 20.axb3 Rd7 21.Bxg7 Kxg7 22.Bg2
f6 23.h3 Bf5 24.Qc3 Ra2 25.Rcd1 Rc7 26.Rfe1 Bc8 27.Qb4 Kf7 28.Rd8 Qc5 29.Bd5+
e6 30.Qxc5 Rxc5 31.Rxc8 {#r} 1-0

[Event "Czech League 2010/11 (2nd) (f)"]
[Site "masterchessopen.com Czech Republic"]
[Date "2011.03.27"]
[Round "10"]
[White "Cech Tomas (CZE)"]
[Black "Reznicek Marcel (CZE)"]
[Result "1-0"]
[WhiteElo "2155"]
[BlackElo "2087"]

1.d4 Nf6 2.Nf3 g6 3.g3 Bg7 4.Bg2 O-O 5.O-O d5 6.c4 c6 7.Nbd2 Bf5 8.b3 Ne4
9.Bb2 Nd7 10.Nh4 Nxd2 11.Qxd2 Be6 12.e4 dxe4 13.Bxe4 Nf6 14.Bg2 Qd7 15.Rfe1
Rad8 16.Nf3 Rfe8 17.Ne5 Qc8 18.Qa5 a6 19.Rad1 Bh3 20.Bh1 Nd7 21.Nd3 Bg4 22.Rd2
Bf5 23.Red1 b6 24.Qa3 Bh6 25.Re2 Bxd3 26.Rxd3 Bf8 27.b4 e6 28.Qb3 a5 29.b5
cxb5 30.cxb5 e5 31.Bd5 Kg7 32.Bxf7 a4 33.Qc4 e4 34.Rde3 Re7 35.Bd5 Qxc4
36.Bxc4 Nf6 37.d5 Rde8 38.d6 Rd7 39.Rxe4 Rxe4 40.Rxe4 Rxd6 41.Rf4 a3 42.Be5
Rd1+ 43.Kg2 Be7 44.Bb3 Rc1 45.Ra4 Rc5 46.Bd4 Rxb5 47.Ra7 Kf8 48.Bxf6 {#r} 1-0

[Event "Ch England (team) 2010/11 (2 div)"]
[Site "masterchessopen.com England"]
[Date "2011.04.30"]
[Round "9"]
[White "Morris Charles F (WLS)"]
[Black "Cairns Stephen (ENG)"]
[Result "0-1"]
[WhiteElo "2148"]
[BlackElo "2102"]

1.c4 c6 2.Nf3 d5 3.g3 Nf6 4.Bg2 g6 5.d4 Bg7 6.O-O O-O 7.Nbd2 Nbd7 8.e3 Nb6
9.b3 Bf5 10.Ne5 Nfd7 11.g4 Be6 12.cxd5 Nxd5 13.Nd3 Nc3 14.Qe1 Bxg4 15.f3 Bf5
16.Ne4 Nb5 17.Bb2 Nf6 18.Nef2 Qc7 19.a4 Bxd3 20.Nxd3 Nd6 21.e4 Nd7 22.Bh3 Rfe8
23.Qg3 Rad8 24.Nc5 Nxc5 25.dxc5 Bxb2 26.Rad1 e5 {#R} 0-1

[Event "Cup Portugal (final)"]
[Site "masterchessopen.com Matosinhos (Portugal)"]
[Date "2011.05.28"]
[Round "1"]
[White "Strikovic Aleksa (SRB)"]
[Black "Ferreira Jorge Joao Viterbo (POR)"]
[Result "1-0"]
[WhiteElo "2557"]
[BlackElo "1902"]

1.Nf3 Nf6 2.c4 g6 3.g3 Bg7 4.Bg2 O-O 5.O-O d5 6.d4 c6 7.Nbd2 Ne4 8.Qb3 a5
9.cxd5 cxd5 10.Ne5 Nxd2 11.Bxd2 Nc6 12.Nxc6 bxc6 13.e3 e5 14.dxe5 Bxe5 15.Bc3
a4 16.Qa3 Bd6 17.b4 Qe7 18.Rac1 Ba6 19.Rfe1 Bd3 20.Ba1 Bb5 21.Qc3 f6 22.a3 Be5
23.Qd2 Bxa1 24.Rxa1 f5 25.Bxd5+ Kh8 26.Bf3 Rad8 27.Qb2+ Qf6 28.Qxf6+ Rxf6
29.Red1 Rfd6 30.Rxd6 Rxd6 31.Rd1 Rxd1+ 32.Bxd1 Kg7 33.f3 Kf6 34.Kf2 Ke5 35.Ke1
c5 36.bxc5 Kd5 37.Kd2 Kxc5 38.Kc3 Bc6 39.h4 Bb5 40.Bc2 Bc6 41.e4 fxe4 42.Bxe4
Bd7 43.g4 Be6 44.g5 Bd7 45.f4 Be6 46.Bc2 Bd7 47.Bd1 Be8 48.Bg4 Bf7 49.f5 {#r}
1-0

[Event "Ch Germany (open) (under 25) (a)"]
[Site "masterchessopen.com Oberhof (Germany)"]
[Date "2011.06.14"]
[Round "5"]
[White "Hoepfner Tim (GER)"]
[Black "Bivol Alina (RUS)"]
[Result "1-0"]
[WhiteElo "1967"]
[BlackElo "2143"]

1.d4 d5 2.c4 c6 3.Nf3 Nf6 4.Nbd2 g6 5.g3 Bg7 6.Bg2 O-O 7.O-O Ne4 8.e3 Na6
9.Nxe4 dxe4 10.Nd2 f5 11.a3 e5 12.Nb3 Be6 13.Qc2 Qe7 14.Bd2 b5 15.Na5 Rac8
16.dxe5 Rfd8 17.Rfd1 bxc4 18.Nxc4 Qc5 19.Bf1 Rb8 20.Rac1 Qe7 21.Na5 Rb6
22.Nxc6 Rxc6 23.Qxc6 Nb8 24.Qb5 Nd7 25.Bb4 Qe8 26.Bc4 Bxc4 27.Qxc4+ Kh8 28.e6
Ne5 29.Rxd8 Qxd8 30.Qc8 {#r} 1-0

[Event "It (open) \"]
[Site "masterchessopen.com St. Petersburg (Russia)"]
[Date "2011.06.14"]
[Round "8"]
[White "Kholova Elena (RUS)"]
[Black "Khatenever Feliks (RUS)"]
[Result "0-1"]
[WhiteElo "1738"]
[BlackElo "1864"]

1.d4 Nf6 2.Nf3 g6 3.Nbd2 d5 4.g3 Bg7 5.Bg2 O-O 6.O-O c6 7.c4 Ne4 8.cxd5 cxd5
9.Nxe4 dxe4 10.Ne5 Nd7 11.Nxd7 Qxd7 12.Be3 f5 13.Qb3+ e6 14.Rfd1 Qd5 15.Rd3
Bd7 16.Rc1 Qxb3 17.Rxb3 Bc6 18.f3 Rfd8 19.fxe4 Bxd4 20.Bxd4 Rxd4 21.exf5 Bxg2
22.Kxg2 Re4 23.f6 b6 24.Kf3 Re5 25.e4 Kf7 26.Rc7+ Kxf6 27.Rxh7 Rh5 28.Rxh5
gxh5 29.Rb5 e5 30.Rd5 Rf8 31.Ke2 Ke6 32.Rd3 h4 33.gxh4 Rf4 34.Re3 Rxh4 35.h3
Rf4 36.Kd3 Kd6 37.Kc4 Rf2 38.Ra3 Kc6 39.Rxa7 Rxb2 40.a4 Rd2 41.Re7 Rd4+ 42.Kc3
Rxe4 43.Re6+ Kc5 44.h4 Re3+ 45.Kd2 Re4 46.Kc3 Kd5 47.Rxb6 Rxa4 48.Rb5+ Ke6
49.Rb4 Ra3+ 50.Kd2 Kf5 51.Ke2 e4 52.h5 Kf4 53.Rb8 Ra2+ 54.Ke1 Kf3 55.h6 Rh2
56.Rb6 Rh1+ 57.Kd2 e3+ 58.Kd3 Rd1+ 59.Kc3 Rd7 60.Rf6+ Ke2 61.Re6 Kf2 62.Rf6+
Ke1 63.Rf3 e2 64.Rh3 Kf1 65.Rh1+ Kg2 {#R} 0-1

[Event "It (open)"]
[Site "masterchessopen.com Teplice (Czech Republic)"]
[Date "2011.06.17"]
[Round "7"]
[White "Hlousek Zdenek (CZE)"]
[Black "Bartos Pavel"]
[Result "1-0"]
[WhiteElo "1800"]
[BlackElo "1681"]

1.c4 c6 2.Nf3 g6 3.g3 Bg7 4.Bg2 Nf6 5.O-O O-O 6.d4 d5 7.Nbd2 e6 8.e3 Nbd7
9.Qc2 b6 10.b3 Re8 11.Ba3 Bb7 12.Rac1 Rc8 13.Rfd1 c5 14.dxc5 Nxc5 15.Bxc5 Rxc5
16.Qb1 Qa8 17.Nd4 Rd8 18.b4 Rcc8 19.c5 bxc5 20.bxc5 Nd7 21.N2b3 Bf8 22.Na5
Nxc5 23.Rc2 Rb8 24.Qc1 Rdc8 25.Bf1 Nd7 26.Ndc6 Bxc6 27.Nxc6 Rb6 28.Ne7+ Kg7
29.Rxc8 Qb7 30.Rc7 Qb8 31.Rxd7 {#r} 1-0

[Event "Ch Turkey (team)"]
[Site "masterchessopen.com Konya (Turkey)"]
[Date "2011.06.28"]
[Round "1"]
[White "Ipatov Alexander (ESP)"]
[Black "Esen Baris (TUR)"]
[Result "1-0"]
[WhiteElo "2591"]
[BlackElo "2534"]

1.d4 d5 2.c4 c6 3.Nf3 Nf6 4.Nbd2 g6 5.g3 Bg7 6.Bg2 O-O 7.O-O Bf5 8.b3 a5 9.Bb2
Qb6 10.Re1 Nbd7 11.Rc1 Bh6 12.e3 a4 13.c5 Qa6 14.b4 a3 15.Bc3 Bd3 16.Nb3 Ne4
17.Na5 Bc4 18.Ba1 b5 19.Nd2 f5 20.Nxe4 fxe4 21.Bh3 Qc8 22.Be6+ Kg7 23.Qg4 Ra7
24.Rc3 Rf6 25.Rc2 Bd3 26.Rd2 Qc7 27.Bxd7 Qxd7 28.Qxd7 Rxd7 29.Red1 Bc4 30.Rc1
Rd8 31.Rc3 g5 32.Nxc4 bxc4 33.Rxa3 g4 34.Re2 Rdf8 35.Kg2 Bg5 36.Bc3 h5 37.Ra6
h4 38.Be1 Rh8 39.b5 cxb5 40.Rxf6 h3+ 41.Kf1 Bxf6 42.Bc3 Kf7 43.Rb2 Ra8 44.Rxb5
Rxa2 45.c6 Ra8 46.Rxd5 Rc8 47.Rc5 e6 48.Rxc4 Be7 49.Ke2 Bd6 50.Kd1 Ke7 51.Kc2
Ra8 52.Kb3 Ra3+ 53.Kb2 Ra8 54.c7 Rc8 55.Kc2 Ra8 56.Kb3 Ra3+ 57.Kb2 Ra8 58.Ba5
Kd7 59.Bb6 Ra3 60.Rc2 Ra8 61.Kb3 Kc8 62.Ba5 Kb7 63.Rc6 Rf8 {#r} 1-0

[Event "Ch Poland (amateurs)"]
[Site "masterchessopen.com Wroclaw (Poland)"]
[Date "2011.07.02"]
[Round "3"]
[White "Zombirt Filip (POL)"]
[Black "Cymbala Ireneusz (POL)"]
[Result "1-0"]
[WhiteElo "1890"]
[BlackElo "1916"]

1.d4 Nf6 2.c4 g6 3.g3 c6 4.Bg2 d5 5.Nf3 Bg7 6.O-O O-O 7.Nbd2 a6 8.b3 Bf5 9.Bb2
Nbd7 10.h3 Ne4 11.g4 Nxd2 12.Nxd2 Be6 13.e4 dxe4 14.Nxe4 Nf6 15.Nc5 Bc8 16.Re1
Qc7 17.Qe2 Re8 18.Rad1 b6 19.Nd3 Bb7 20.Ne5 Nd7 21.Qe4 Rac8 22.Qf3 f6 23.Nd3
e6 24.Re2 Ba8 25.Rde1 c5 26.d5 e5 27.Qg3 Kf7 28.g5 f5 29.Nxe5+ Nxe5 30.Bxe5
Bxe5 31.Rxe5 Qd7 32.Re6 Kg8 33.Qe5 Rxe6 34.dxe6 Qd4 35.Bd5 Qxe5 36.Rxe5 Kf8
37.e7+ Ke8 38.Re6 Bxd5 39.cxd5 b5 40.Kf1 c4 41.bxc4 Rxc4 42.d6 Rd4 43.Rf6 Re4
44.Rf8+ Kd7 {#r} 1-0

[Event "It \"]
[Site "masterchessopen.com Egypt"]
[Date "2011.07.09"]
[Round "7"]
[White "Ezat Abdallah (EGY)"]
[Black "Abdel Razik Ahmed (EGY)"]
[Result "1-0"]
[WhiteElo "2269"]
[BlackElo "2099"]

1.d4 d5 2.Nf3 Nf6 3.g3 g6 4.Bg2 Bg7 5.c4 c6 6.O-O O-O 7.Nbd2 b5 8.cxb5 cxb5
9.Ne5 Bb7 10.Nb3 Nbd7 11.Nd3 a5 12.Nbc5 Bc6 13.Bf4 Nxc5 14.Nxc5 Qb6 15.Rc1
Rac8 16.Be5 Rfd8 17.e3 Ne4 18.Bxg7 Kxg7 19.Nxe4 dxe4 20.Qg4 f5 21.Qg5 Qb7
22.Rc5 Bd5 23.Rfc1 Rxc5 24.Rxc5 Rd7 25.Qf4 e6 26.h4 h5 27.Bf1 b4 28.b3 Qa7
29.Bb5 Re7 30.Qe5+ Kh7 31.Qd6 Rg7 32.Rc8 Qe7 33.Qb8 Kh6 34.Re8 Qf6 35.Qd6 g5
36.Rf8 Rf7 37.hxg5+ Kxg5 38.Qf4+ Kg6 39.Be8 e5 40.Bxf7+ Bxf7 41.Qxe5 Qxe5
42.dxe5 Bd5 43.Rf6+ Kg5 44.Ra6 {#r} 1-0

[Event "It (open) \"]
[Site "masterchessopen.com Medellin (Colombia)"]
[Date "2011.08.06"]
[Round "6"]
[White "Rivera Ingris (COL)"]
[Black "Gallego Andres (COL)"]
[Result "0-1"]
[WhiteElo "2176"]
[BlackElo "2360"]

1.Nf3 Nf6 2.g3 g6 3.Bg2 Bg7 4.O-O O-O 5.c4 c6 6.d4 d5 7.Nbd2 Bf5 8.b3 Ne4
9.Bb2 a5 10.Nh4 Nxd2 11.Qxd2 Be6 12.c5 Qc8 13.Rfd1 a4 14.b4 a3 15.Bc1 Na6
16.Rb1 Nc7 17.Rb3 Nb5 18.e3 Bh3 19.f4 Bxg2 20.Qxg2 Bf6 21.Nf3 b6 22.Rdd3 Ra4
23.Nd2 bxc5 24.bxc5 Qe6 25.Nb1 g5 26.Nxa3 Nxa3 27.Rxa3 Rxa3 28.Bxa3 gxf4
29.gxf4+ Kh8 30.Kf1 Qf5 31.Ke2 Rg8 32.Qf3 Rg1 33.Rd2 Qb1 34.Qf2 Bh4 {#R} 0-1

[Event "It (open) \"]
[Site "masterchessopen.com Medellin (Colombia)"]
[Date "2011.08.07"]
[Round "8"]
[White "Barros Raul (COL)"]
[Black "Mucoz Jhon Edison (COL)"]
[Result "1-0"]
[WhiteElo "2054"]
[BlackElo "2244"]

1.d4 Nf6 2.Nf3 g6 3.g3 Bg7 4.Bg2 O-O 5.O-O d5 6.Nbd2 c6 7.c4 Ne4 8.e3 f5 9.Qc2
Be6 10.b3 Bf7 11.Bb2 Na6 12.Rfd1 Rc8 13.a3 Qe8 14.Rac1 h6 15.b4 b5 16.cxb5
cxb5 17.Qd3 Qd7 18.Ne5 Bxe5 19.dxe5 Nxd2 20.Qxd2 e6 21.e4 fxe4 22.Bxe4 Kg7
23.Bxd5 Qxd5 24.Qxd5 exd5 25.e6+ Kg8 26.exf7+ Kxf7 27.Rxd5 Rxc1+ 28.Bxc1 Rc8
29.Bxh6 Nc7 30.Rc5 {#r} 1-0

[Event "Ch Germany (seniors)"]
[Site "masterchessopen.com Halle (Germany)"]
[Date "2011.08.09"]
[Round "5"]
[White "Gerhardt Peter-Michael (GER)"]
[Black "Lukas Wilmar Prof Dr (GER)"]
[Result "1-0"]
[WhiteElo "2089"]
[BlackElo "1953"]

1.Nf3 Nf6 2.g3 g6 3.Bg2 Bg7 4.O-O O-O 5.d4 d5 6.Nbd2 c6 7.c4 a5 8.Ne5 Be6 9.e3
Qc8 10.b3 Nbd7 11.f4 Ne8 12.cxd5 cxd5 13.Ba3 Nd6 14.Rc1 Qd8 15.Qe2 f6 16.Nd3
Nb5 17.Bb2 a4 18.Nc5 Nxc5 19.Rxc5 Nc7 20.a3 axb3 21.Nxb3 Na6 22.Rc3 Qd7
23.Rfc1 Rfc8 24.Nc5 Nxc5 25.Rxc5 b6 26.Rxc8+ Rxc8 27.Rxc8+ Qxc8 28.Qb5 Qd8
29.Qc6 Kf7 30.Bc3 f5 31.Bb4 h5 32.h4 Bf6 33.Bf3 Bg7 34.Kf2 Bf6 35.Ke1 Bg7
36.Kd2 Bf6 37.a4 Bg7 38.Qb5 Bf6 39.a5 bxa5 40.Bxa5 Qa8 41.Qc5 Qb7 42.Kc2 Ke8
43.Bb4 Kf7 44.Be2 Qc8 45.Bb5 Qxc5+ 46.dxc5 Bc8 47.Bc3 Bxc3 48.Kxc3 Ke6 49.Be8
Kf6 50.Kd4 e6 51.c6 Ba6 52.Kc5 {#r} 1-0

[Event "It (open)"]
[Site "masterchessopen.com Arad (Romania)"]
[Date "2011.08.11"]
[Round "9"]
[White "Dobre Claudiu (ROM)"]
[Black "Veneteanu Ion Cristian (ROM)"]
[Result "1-0"]
[WhiteElo "2344"]
[BlackElo "2217"]

1.d4 Nf6 2.Nf3 d5 3.c4 c6 4.Nbd2 g6 5.g3 Bg7 6.Bg2 O-O 7.O-O Na6 8.b3 Bf5
9.Bb2 Ne4 10.Nh4 Nxd2 11.Qxd2 Be6 12.cxd5 cxd5 13.Rac1 Qd7 14.Nf3 f6 15.Ne1
Bh3 16.Nd3 Bxg2 17.Kxg2 Rac8 18.Qa5 Bh6 19.e3 Rfd8 20.a4 Kf7 21.b4 Qf5 22.Qb5
Nc7 23.Qxb7 Ne8 24.Rxc8 Rxc8 25.Nc5 Rc7 26.Qb8 Qc2 27.Bc1 Qc4 28.b5 e5 29.a5
exd4 30.exd4 Bxc1 31.Re1 Re7 32.Rxe7+ Kxe7 33.Qxa7+ Kf8 34.Ne6+ Kg8 35.Qe7
{#r} 1-0

[Event "It (open) (b)"]
[Site "masterchessopen.com Mislata (Spain)"]
[Date "2011.08.15"]
[Round "1"]
[White "Fernandez Soriano Ruben (ESP)"]
[Black "Ramon Gualberto Arturo (ESP)"]
[Result "1-0"]
[WhiteElo "2109"]
[BlackElo "1919"]

1.d4 Nf6 2.Nf3 g6 3.g3 Bg7 4.Bg2 O-O 5.O-O d5 6.c4 c6 7.Nbd2 Bg4 8.Qb3 Qb6
9.Qxb6 axb6 10.e3 Bxf3 11.Bxf3 e6 12.b3 Na6 13.a4 Nc7 14.Ba3 Rfd8 15.Be2 Bf8
16.Bxf8 Kxf8 17.Rfc1 Nd7 18.b4 e5 19.Nf3 exd4 20.Nxd4 c5 21.bxc5 bxc5 22.Nb3
b6 23.cxd5 Nxd5 24.a5 bxa5 25.Nxc5 Nxc5 26.Rxc5 Nb4 27.Rcxa5 Rxa5 28.Rxa5 Ke7
29.Rb5 Nd5 30.Rb7+ Kf6 31.Bc4 Ne7 32.e4 Rd4 33.e5+ Kg7 34.Rxe7 Rxc4 35.e6 Re4
36.Rxf7+ Kg8 37.Re7 h5 38.f4 h4 39.Re8+ Kg7 40.Kg2 Re2+ 41.Kh3 hxg3 42.hxg3
Kf6 43.Kg4 Re1 44.Kf3 Kg7 45.g4 {#r} 1-0

[Event "Cup Governor's"]
[Site "masterchessopen.com Satka (Russia)"]
[Date "2011.08.20"]
[Round "7"]
[White "Panov Maksim (RUS)"]
[Black "Kurzykov Andrey (RUS)"]
[Result "0-1"]
[WhiteElo "2055"]
[BlackElo "2172"]

1.Nf3 d5 2.c4 c6 3.g3 Nf6 4.Bg2 g6 5.d4 Bg7 6.O-O O-O 7.Nbd2 Nbd7 8.b3 dxc4
9.Nxc4 Nb6 10.Bb2 Be6 11.Nxb6 axb6 12.Ng5 Bc8 13.e4 h6 14.Nh3 Nxe4 15.Nf4 Nf6
16.Re1 e6 17.Nd3 Nd7 18.Qc2 c5 19.dxc5 Bxb2 20.Qxb2 Nxc5 21.Nxc5 bxc5 22.Qc1
Qg5 23.Qxg5 hxg5 24.Re5 Ra5 25.b4 Rb5 26.Rxc5 Rxb4 27.Rxg5 b6 28.h4 Kh7 29.Re5
Ba6 30.Rc1 Rc8 31.Rxc8 Bxc8 32.Re2 Ba6 33.Rc2 Kg7 34.Bf3 Bd3 35.Rc3 Rb1+
36.Kh2 Ba6 37.Rb3 Rxb3 38.axb3 Bb5 39.g4 Kf6 40.Kg3 e5 41.Be4 Be2 42.Bc2 Ke6
43.f3 f5 44.Kf2 Bb5 45.Ke3 Bc6 46.Bd3 Kf6 47.gxf5 gxf5 48.f4 e4 49.Be2 Kg6
50.Kd4 Kh6 51.Ke5 Bd7 52.Kd6 Be8 53.Kc7 Bh5 54.Bf1 e3 55.Kxb6 e2 56.Bxe2 Bxe2
57.Kc5 Kh5 58.b4 Kxh4 59.b5 Kg4 60.b6 Bf3 {#R} 0-1

[Event "It (open)"]
[Site "masterchessopen.com Senica (Slovakia)"]
[Date "2011.08.21"]
[Round "1"]
[White "Vogel Jaap (NED)"]
[Black "Petras Marian (SVK)"]
[Result "1-0"]
[WhiteElo "2221"]
[BlackElo "1832"]

1.d4 Nf6 2.Nf3 g6 3.g3 Bg7 4.Bg2 O-O 5.O-O d5 6.c4 c6 7.Nbd2 Bf5 8.b3 Nbd7
9.Nh4 Ne4 10.Nxf5 gxf5 11.Bb2 Ndf6 12.Nf3 Qd6 13.Ne5 Ng4 14.Nxg4 fxg4 15.f3
Nf6 16.Qd3 gxf3 17.Bxf3 Rad8 18.Rad1 Qe6 19.Bg2 Ng4 20.cxd5 cxd5 21.Bc1 Bh6
22.h3 Ne3 23.Bxe3 Qxe3+ 24.Kh2 e6 25.Qxe3 Bxe3 26.Rd3 Bg5 27.e4 Rfe8 28.h4 Bh6
29.exd5 exd5 30.Rf5 Re2 31.Kh3 Re3 32.Rd1 Rc8 33.Bxd5 Rcc3 34.Bxf7+ Kg7 35.Rg1
Rcd3 36.Bc4 {#r} 1-0

[Event "It (open)"]
[Site "masterchessopen.com Goch (Germany)"]
[Date "2011.09.30"]
[Round "3"]
[White "Stuemer Paul (GER)"]
[Black "Gutman Lev (GER)"]
[Result "0-1"]
[WhiteElo "2130"]
[BlackElo "2450"]

1.d4 Nf6 2.Nf3 g6 3.g3 Bg7 4.Bg2 O-O 5.O-O d5 6.c4 c6 7.Nbd2 a5 8.Re1 a4 9.Ne5
Bf5 10.f3 Nbd7 11.g4 Be6 12.cxd5 Nxd5 13.Ndc4 Nxe5 14.Nxe5 Qc7 15.e4 Bxe5
16.dxe5 Nb4 17.Be3 Rfd8 18.Qe2 Nd3 19.Red1 Nxe5 20.Qe1 Rxd1 {#R} 0-1

[Event "It (open) \"]
[Site "masterchessopen.com Tatranske Zruby (Slovakia)"]
[Date "2011.09.30"]
[Round "7"]
[White "Vlach Karel"]
[Black "Majchrak Jozef"]
[Result "1-0"]
[WhiteElo "2183"]
[BlackElo "1779"]

1.c4 Nf6 2.Nf3 g6 3.g3 Bg7 4.Bg2 O-O 5.O-O c6 6.d4 d5 7.Nbd2 Re8 8.Qb3 dxc4
9.Nxc4 b5 10.Nce5 Be6 11.Qc2 Bf5 12.Qd1 Be4 13.Be3 Nbd7 14.Nxf7 Qb6 15.N7e5
Bd5 16.Qc2 Rad8 17.Rfc1 Rc8 18.h3 Qb8 19.Bf4 Qb6 20.g4 Nf8 21.b3 Be4 22.Qb2
Nd5 23.Bg3 Ne6 24.e3 Red8 25.b4 a5 26.a3 Qa6 27.Nd2 Bxg2 28.Kxg2 Nf6 29.Qa2 c5
30.bxc5 Kf8 {#r} 1-0

[Event "Ch Arab Elite"]
[Site "masterchessopen.com Dubai (United Arab Emirates)"]
[Date "2011.10.02"]
[Round "9"]
[White "Al-Zendani Zendan (YEM)"]
[Black "Al-Hageri Badr (KUW)"]
[Result "1-0"]
[WhiteElo "2396"]
[BlackElo "2130"]

1.d4 Nf6 2.Nf3 d5 3.g3 g6 4.Bg2 Bg7 5.O-O O-O 6.c4 c6 7.Nbd2 Bf5 8.Re1 Ne4
9.Qb3 Nxd2 10.Bxd2 dxc4 11.Qxb7 Qb6 12.Qxa8 Nd7 13.Ba5 Rxa8 14.Bxb6 Nxb6
15.Ne5 Bxe5 16.dxe5 Rc8 17.Rac1 Be6 18.Rc2 c5 19.Rd1 Rb8 20.Bc6 Rc8 21.Bb5 a6
22.Bxa6 Ra8 23.Bb5 Rxa2 24.Rd8+ Kg7 25.Rb8 Bf5 26.Rc1 Na4 27.Rxc4 Nxb2 28.Rxc5
Bh3 29.Rc1 Na4 30.Re8 Nc3 31.Bc4 Ra4 32.Bd3 Ra7 33.f3 Nd5 34.Kf2 Bd7 35.Rd8
Nb4 36.Be4 Be6 37.Rb1 Na2 38.Rbb8 Nc3 39.Bd3 Ra2 40.Ke1 Bf5 41.e4 Be6 42.h4
Ra5 43.Kd2 Na4 44.Rg8+ Kh6 45.Ra8 Rxa8 46.Rxa8 Nc5 47.Ra7 Nd7 48.f4 f5 49.exf6
{#r} 1-0